000 00561nam a2200241 a 4500
001 nice12345678
003 IN_TiNIC
005 20260116011300.0
008 050524s1960 lona grp 000 0 eng
020 _a
_c490
082 0 0 _a231.3
_bSCH
100 _aSchweizer, Edward
245 _aSpirit of God
260 _aLondon
_bAdam and Charles Black
_c1960
300 _a119p
500 _aincludes index and biblioraphy
505 2 _aIndex
650 _aHoly Spirit
700 1 _aSchweizer, Edward
902 _bSRS
942 _cBK
999 _c153
_d153